[Event "7th European Individual Senior Champion."]
[Site "Hockenheim, Germany"]
[Date "2007.06.06"]
[Round "5.20"]
[White "Fischer, Gerd"]
[Black "Bakhmatov, Eduard"]
[Result "1/2-1/2"]
[WhiteElo "2175"]
[BlackElo "2351"]
[PlyCount "175"]
[EventDate "2007.??.??"]

1. e4 g6 2. d4 Bg7 3. Nf3 d6 4. Bc4 Nf6 5. Nc3 O-O 6. Bb3 Nc6 7. O-O Bg4 8. Be3
e5 9. d5 Ne7 10. h3 Bd7 11. Qd2 b5 12. Bg5 b4 13. Bxf6 Bxf6 14. Ne2 a5 15. c4
Bg7 16. Ng3 Kh8 17. Bc2 Ng8 18. Bd3 Bh6 19. Qc2 Qf6 20. Be2 Qe7 21. Bd3 Nf6 22.
Rfe1 Rfb8 23. Be2 Be8 24. Nh2 Nd7 25. Bg4 Nc5 26. Qe2 Bf4 27. Ngf1 h5 28. Bf3
Bd7 29. g3 Bh6 30. Bg2 Qd8 31. Ne3 Qc8 32. Qf1 Qg8 33. Qe2 Qg7 34. Nhf1 Bg5 35.
h4 Be7 36. Nd2 Qh6 37. Bf3 Rg8 38. Kg2 f5 39. Rh1 f4 40. Nef1 Raf8 41. Nb3 Nb7
42. Nbd2 a4 43. Nh2 Nc5 44. Rag1 fxg3 45. fxg3 Rf7 46. Kf2 Bg4 47. Ke1 Bd7 48.
Kd1 Rgf8 49. Rf1 Bh3 50. Bg2 Bxg2 51. Qxg2 Qe3 52. Rxf7 Rxf7 53. Rf1 Rxf1+ 54.
Nhxf1 Qd4 55. Qf3 Kg7 56. Kc2 b3+ 57. axb3 axb3+ 58. Kc1 Nd3+ 59. Kd1 Nxb2+ 60.
Ke2 Na4 61. Qxb3 Nc3+ 62. Ke1 g5 63. Qb8 Qd3 64. Kf2 Qd4+ 65. Ke1 Qd3 66. Kf2
gxh4 67. Qxc7 hxg3+ 68. Kg2 Qe2+ 69. Kxg3 Qg4+ 70. Kf2 Kf8 71. Qb8+ Kf7 72. Qc7
h4 73. c5 h3 74. Ng3 Nd1+ 75. Ke1 Qxg3+ 76. Kxd1 h2 77. cxd6 h1=Q+ 78. Kc2 Qg5
79. dxe7 Qxe7 80. d6 Qxc7+ 81. dxc7 Qh3 82. Nc4 Ke7 83. Nb6 Qg2+ 84. Kd1 Qg1+
85. Kd2 Qd4+ 86. Kc1 Qc5+ 87. Kd2 Qd4+ 88. Kc1 1/2-1/2

[Event "7th European Individual Senior Champion."]
[Site "Hockenheim, Germany"]
[Date "2007.06.06"]
[Round "5.21"]
[White "Loktiev, Ivan"]
[Black "Bounianer, Wladimir"]
[Result "1/2-1/2"]
[WhiteElo "2350"]
[BlackElo "2183"]
[PlyCount "32"]
[EventDate "2007.??.??"]

1. d4 d5 2. c4 c6 3. Qc2 Nf6 4. Nf3 Na6 5. e3 e6 6. Nc3 Be7 7. a3 O-O 8. Be2
dxc4 9. Bxc4 c5 10. O-O cxd4 11. Rd1 Bd7 12. Nxd4 Nc5 13. Qe2 Qc7 14. h3 Rfd8
15. Bd2 Nce4 16. Rac1 Nxd2 1/2-1/2

[Event "7th European Individual Senior Champion."]
[Site "Hockenheim, Germany"]
[Date "2007.06.06"]
[Round "5.23"]
[White "Rosen, Willy"]
[Black "Brondum, Eric"]
[Result "1-0"]
[WhiteElo "2279"]
[BlackElo "2164"]
[PlyCount "109"]
[EventDate "2007.??.??"]

1. e4 c5 2. Nf3 d6 3. d4 cxd4 4. Nxd4 Nf6 5. Nc3 a6 6. Be3 e5 7. Nb3 Be6 8. Qd2
Nbd7 9. f3 b5 10. g4 Nb6 11. g5 Nh5 12. Nd5 Nxd5 13. exd5 Bd7 14. Na5 Be7 15.
O-O-O Qc7 16. Bd3 Bd8 17. Nc6 Bxc6 18. dxc6 d5 19. Bf5 d4 20. Bd7+ Kf8 21. Bf2
Be7 22. Rde1 Bd6 23. Re4 g6 24. c3 f5 25. Ree1 dxc3 26. Qxc3 Nf4 27. Kb1 h6 28.
Bc5 Kf7 29. Bxd6 Qxd6 30. Rxe5 Qd3+ 31. Qxd3 Nxd3 32. Rd5 Nf4 33. Rd4 hxg5 34.
c7 Ne6 35. Bxe6+ Kxe6 36. Re1+ Kf7 37. Rd7+ Kf6 38. Red1 Rhc8 39. Rd8 Ke5 40.
R1d3 Kf4 41. a4 bxa4 42. Ka2 g4 43. R3d4+ Kg5 44. f4+ Kh5 45. R8d7 g5 46. R4d5
Ra7 47. Rxf5 Raxc7 48. Rxg5+ Kh4 49. Rg6 Kh5 50. Rdd6 Rh7 51. Rg5+ Kh4 52. Rdg6
Kh3 53. Rxg4 Kxh2 54. f5 Rf7 55. f6 1-0

[Event "7th European Individual Senior Champion."]
[Site "Hockenheim, Germany"]
[Date "2007.06.06"]
[Round "5.24"]
[White "Fatalibekova, Elena"]
[Black "Van Oosten, Arend"]
[Result "1/2-1/2"]
[WhiteElo "2273"]
[BlackElo "2155"]
[PlyCount "93"]
[EventDate "2007.??.??"]

1. d4 d5 2. Nf3 e6 3. e3 f5 4. b3 Nf6 5. Bb2 Bd6 6. Ne5 O-O 7. Nd2 Qe7 8. a3
Bd7 9. Bd3 Be8 10. O-O Nbd7 11. f3 Bh5 12. Qe1 c5 13. c4 Rae8 14. Qh4 Bf7 15.
g4 cxd4 16. exd4 Nxe5 17. dxe5 Nd7 18. Qxe7 Bxe7 19. gxf5 exf5 20. f4 dxc4 21.
Bxc4 Bxc4 22. Nxc4 b5 23. Na5 Bc5+ 24. Kg2 Bb6 25. Nb7 Nc5 26. Nxc5 Bxc5 27.
Rac1 Bb6 28. Rfd1 Rd8 29. Kf3 Rxd1 30. Rxd1 Rd8 31. Rxd8+ Bxd8 32. Bd4 a6 33.
Bc5 Kf7 34. Ke3 Ke6 35. Kd4 h6 36. Bf8 Bb6+ 37. Kd3 Kf7 38. Bb4 g5 39. fxg5
hxg5 40. h3 Ke6 41. Bd2 g4 42. hxg4 fxg4 43. Ke4 Bf2 44. Bc3 g3 45. Kf3 Kd5 46.
a4 bxa4 47. bxa4 1/2-1/2

[Event "7th European Individual Senior Champion."]
[Site "Hockenheim, Germany"]
[Date "2007.06.06"]
[Round "5.25"]
[White "Karl, Hans"]
[Black "Serra Olives, Tomas"]
[Result "1/2-1/2"]
[WhiteElo "2251"]
[BlackElo "2138"]
[PlyCount "174"]
[EventDate "2007.??.??"]

1. d4 Nf6 2. Nf3 e6 3. c4 c5 4. Nc3 cxd4 5. Nxd4 Bb4 6. Qb3 Bc5 7. e3 Nc6 8.
Nf3 b6 9. Be2 O-O 10. O-O Bb7 11. Rd1 Rc8 12. Qc2 Qc7 13. b3 d5 14. cxd5 Nb4
15. Qb2 Nbxd5 16. Nxd5 Bxd5 17. Bd2 Bd6 18. Rac1 Qb8 19. h3 Ne4 20. Be1 Qb7 21.
Rxc8 Rxc8 22. Rc1 f6 23. Rc2 e5 24. Qc1 Rxc2 25. Qxc2 Qc6 26. Qxc6 Bxc6 27.
Bc4+ Kf8 28. b4 b5 29. Bb3 g6 30. Kf1 Ke7 31. Bg8 Kf8 32. Bb3 f5 33. Ke2 Ke7
34. Kd1 Kf6 35. Ng1 Ke7 36. f3 Nf6 37. a3 e4 38. Bh4 exf3 39. Nxf3 h6 40. Bc2
g5 41. Be1 Nd5 42. Bd2 Kf6 43. Nd4 Bd7 44. Bd3 a6 45. Nb3 Ke5 46. Ke2 Be7 47.
Kf2 Nb6 48. Bc3+ Kd5 49. Nd2 Ke6 50. Bd4 Nd5 51. Nb3 Nf6 52. Bc5 Bd8 53. Bf8
Kf7 54. Bc5 Nd5 55. Bd4 Bc8 56. Nc5 Be7 57. e4 Nf4 58. Bc2 Bxc5 59. Bxc5 Bb7
60. Bb3+ Kg6 61. exf5+ Kxf5 62. g4+ Kg6 63. Bc2+ Kf7 64. Kg3 Ne2+ 65. Kh2 Nf4
66. Bd6 Kf6 67. Bxf4 gxf4 68. h4 Bd5 69. a4 Be6 70. axb5 axb5 71. Bd3 Bc4 72.
Bh7 Ke5 73. Kg2 Be6 74. g5 hxg5 75. hxg5 Bf5 76. Bg8 Be4+ 77. Kf2 Bc6 78. Bh7
Bd7 79. Bd3 Kd4 80. Be2 Be8 81. Kf3 Bh5+ 82. Kf2 Be8 83. Bg4 Ke5 84. Bc8 Bc6
85. Bg4 Be8 86. Bc8 Bc6 87. Bg4 Be8 1/2-1/2

[Event "7th European Individual Senior Champion."]
[Site "Hockenheim, Germany"]
[Date "2007.06.06"]
[Round "5.26"]
[White "Erenska-Barlo, Hanna"]
[Black "Kripp, Wolfgang"]
[Result "1-0"]
[WhiteElo "2246"]
[BlackElo "2146"]
[PlyCount "93"]
[EventDate "2007.??.??"]

1. e4 c6 2. d4 d5 3. exd5 cxd5 4. Bd3 Nc6 5. c3 Nf6 6. Bf4 g6 7. Nf3 Bg7 8.
Nbd2 O-O 9. Ne5 Nh5 10. Nxc6 bxc6 11. Be3 Nf6 12. h3 a5 13. O-O Ba6 14. Bxa6
Rxa6 15. b3 Ne4 16. Nxe4 dxe4 17. Qe2 Ra8 18. f3 exf3 19. Rxf3 e6 20. Raf1 c5
21. dxc5 Bxc3 22. Qc4 Bg7 23. a3 Qd5 24. Qxd5 exd5 25. Rd1 Bb2 26. Bh6 Rfd8 27.
b4 axb4 28. axb4 Ra1 29. Rxa1 Bxa1 30. Rd3 f6 31. Bd2 Kf7 32. Kf1 Ke6 33. Ra3
Be5 34. Ra6+ Kf5 35. b5 Rb8 36. b6 Bd4 37. Bb4 Ke4 38. Ke2 Be3 39. Ra7 d4 40.
Re7+ Kd5 41. Kd3 h5 42. Rg7 g5 43. Rf7 Ke6 44. Rh7 h4 45. Kc4 Bf2 46. b7 d3 47.
c6 1-0

[Event "7th European Individual Senior Champion."]
[Site "Hockenheim, Germany"]
[Date "2007.06.06"]
[Round "5.27"]
[White "Bogorads, Mihails"]
[Black "Rahn, Oskar"]
[Result "1-0"]
[WhiteElo "2245"]
[BlackElo "2122"]
[PlyCount "167"]
[EventDate "2007.??.??"]

1. e4 e5 2. f4 Nf6 3. fxe5 Nxe4 4. Nf3 d5 5. d3 Nc5 6. c3 Be7 7. g3 Bf5 8. Nd4
Bg6 9. b4 Ne6 10. Nxe6 fxe6 11. Bh3 Bf5 12. O-O O-O 13. Bxf5 Rxf5 14. Rxf5 exf5
15. Qf3 Qd7 16. Nd2 Nc6 17. d4 Rf8 18. Nf1 Nd8 19. a4 c6 20. Ra2 Ne6 21. Rg2
Bg5 22. Bf4 Be7 23. h4 g6 24. Bh6 Rf7 25. Ne3 Bf8 26. Bxf8 Nxf8 27. Rf2 Qe7 28.
Ng2 Ne6 29. Nf4 Nxf4 30. Qxf4 h5 31. Re2 Qe6 32. Kg2 Kg7 33. Kf3 Rf8 34. Ke3 a6
35. Rb2 Rf7 36. Kd2 Qe7 37. Ke3 Qe6 38. Kf3 Rf8 39. Kg2 Rf7 40. Kh2 Qe7 41. b5
Qa3 42. Re2 Qe7 43. e6 Rf8 44. Qe5+ Kh7 45. Kg2 axb5 46. axb5 f4 47. Rf2 Rf6
48. b6 Rxe6 49. Qxf4 Kg7 50. Qc7 Qxc7 51. bxc7 Re8 52. Rb2 b5 53. Ra2 Rc8 54.
Ra7 Kf6 55. Kf3 Ke6 56. Kf4 Kf6 57. g4 hxg4 58. Kxg4 Kf7 59. Kg5 Kg7 60. Rb7
Kf7 61. Ra7 Kg7 62. Rb7 Kf7 63. Rb8 Rxc7 64. Rh8 Kg7 65. Rh6 c5 66. Rxg6+ Kh7
67. Rh6+ Kg7 68. Rd6 b4 69. cxb4 cxb4 70. Rb6 Rc4 71. Rb7+ Kg8 72. Kg6 Rc6+ 73.
Kf5 Rh6 74. h5 Ra6 75. Rxb4 Ra1 76. Rb5 Rh1 77. Kg6 Rg1+ 78. Kf6 Rf1+ 79. Ke6
Kg7 80. Rxd5 Rf6+ 81. Ke7 Rf7+ 82. Kd6 Rf6+ 83. Kc5 Rh6 84. Rf5 1-0

[Event "7th European Individual Senior Champion."]
[Site "Hockenheim, Germany"]
[Date "2007.06.06"]
[Round "5.28"]
[White "Semmler, Guenter"]
[Black "Visser, Gerrit"]
[Result "1/2-1/2"]
[WhiteElo "2030"]
[BlackElo "2240"]
[PlyCount "83"]
[EventDate "2007.??.??"]

1. Nf3 c5 2. c4 Nc6 3. d4 cxd4 4. Nxd4 Nf6 5. Nc3 g6 6. e4 Bg7 7. Nc2 d6 8. Be2
O-O 9. O-O Nd7 10. Be3 Qa5 11. Nd4 Nc5 12. f3 Re8 13. Qd2 Bd7 14. Rab1 Nxd4 15.
Bxd4 Bxd4+ 16. Qxd4 Ne6 17. Qe3 Qc5 18. Qxc5 dxc5 19. Rfd1 Bc6 20. Rd2 Red8 21.
Rbd1 Rxd2 22. Rxd2 Kf8 23. Kf2 Nd4 24. f4 e6 25. g3 Ke7 26. Ke3 f6 27. Bf1 h6
28. Bg2 a5 29. Ne2 e5 30. Nc3 g5 31. fxe5 fxe5 32. Rf2 Ra6 33. Bf3 Nxf3 34.
Kxf3 Bd7 35. Nd5+ Kd8 36. Ke3 Be8 37. Rf8 Rg6 38. Nf6 Ke7 39. Rxe8+ Kxf6 40.
Rc8 b6 41. Rc6+ Kf7 42. Rxg6 1/2-1/2

[Event "7th European Individual Senior Champion."]
[Site "Hockenheim, Germany"]
[Date "2007.06.06"]
[Round "5.29"]
[White "Zhelesny, Stanislav"]
[Black "Kock, Hans-Uwe"]
[Result "0-1"]
[WhiteElo "2222"]
[BlackElo "2137"]
[PlyCount "106"]
[EventDate "2007.??.??"]

1. Nf3 Nf6 2. g3 g6 3. Bg2 Bg7 4. O-O d6 5. d4 O-O 6. c4 c6 7. Nc3 Nbd7 8. b3
Re8 9. Bb2 e5 10. e4 Qc7 11. Re1 Nf8 12. h3 h6 13. Rc1 g5 14. Qc2 Ng6 15. Na4
b6 16. b4 Bd7 17. c5 exd4 18. cxd6 Qxd6 19. Bxd4 Qxb4 20. Bc3 Qf8 21. Nd4 b5
22. Nb2 b4 23. Bd2 Rac8 24. Nc4 Ne5 25. Nxe5 Rxe5 26. f4 Ra5 27. Nb3 Rb5 28.
Bf1 gxf4 29. Bxf4 Rb6 30. Nc5 Qe7 31. Rcd1 Be6 32. Bd6 Qe8 33. Kh2 Nd7 34. Nxe6
Qxe6 35. Bc4 Qg6 36. Rf1 Nf6 37. Qb3 Re8 38. e5 Nd5 39. Bd3 Qg5 40. Rf5 Qe3 41.
Rf3 Qg5 42. Bb1 Bxe5 43. Qd3 Qg7 44. Re1 f6 45. Qf5 Rb7 46. Re4 Kh8 47. Qh5 Re6
48. Rg4 Rxd6 49. Rxg7 Rxg7 50. Qxh6+ Kg8 51. Bd3 a5 52. Qc1 a4 53. Qxc6 Bxg3+
0-1

[Event "7th European Individual Senior Champion."]
[Site "Hockenheim, Germany"]
[Date "2007.06.06"]
[Round "5.30"]
[White "Khroulkov, German"]
[Black "Ziltener Werner"]
[Result "0-1"]
[WhiteElo "2215"]
[BlackElo "2075"]
[PlyCount "86"]
[EventDate "2007.??.??"]

1. d4 d5 2. c4 c6 3. cxd5 cxd5 4. Nc3 Nf6 5. Nf3 Nc6 6. e3 a6 7. h3 e6 8. Bd3
Bd6 9. O-O O-O 10. e4 dxe4 11. Nxe4 Be7 12. Be3 Nb4 13. Nxf6+ Bxf6 14. Be4 Nd5
15. Qc2 g6 16. Qb3 b5 17. Bf4 Bb7 18. Be5 Bg7 19. Bxg7 Kxg7 20. Ne5 Qe7 21.
Rac1 Rfc8 22. a4 bxa4 23. Qxa4 Nb6 24. Bxb7 Nxa4 25. Bxc8 Nxb2 26. Nc6 Qc7 27.
Ne5 Qb6 28. Nf3 a5 29. Bd7 Qd6 30. Rb1 Rb8 31. Ne5 a4 32. Rxb2 Rxb2 33. Nc4
Qxd7 34. Nxb2 a3 35. Nc4 Qa4 36. Nxa3 Qxa3 37. Rd1 Qb3 38. Rd2 Qb1+ 39. Kh2 Qe1
40. Ra2 Qe4 41. Ra1 Qxd4 42. Rf1 e5 43. Kg1 h5 0-1

[Event "7th European Individual Senior Champion."]
[Site "Hockenheim, Germany"]
[Date "2007.06.06"]
[Round "5.31"]
[White "Estrada Martinez, Cesar"]
[Black "Woisetschlaeger, Adolf"]
[Result "1-0"]
[WhiteElo "2208"]
[BlackElo "1892"]
[PlyCount "111"]
[EventDate "2007.??.??"]

1. Nf3 e6 2. d4 d5 3. c4 Nf6 4. Nc3 Be7 5. e3 O-O 6. Bd3 dxc4 7. Bxc4 g6 8. O-O
b5 9. Bd3 Bb7 10. Qc2 Nc6 11. a3 h6 12. Ne4 Nxe4 13. Bxe4 Na5 14. Bxb7 Nxb7 15.
Rd1 Qc8 16. b4 Bf6 17. e4 a5 18. Bf4 axb4 19. axb4 Rxa1 20. Rxa1 Be7 21. Bd2
Rd8 22. Rc1 Rd7 23. Qc6 g5 24. h3 Bf6 25. e5 Be7 26. Qxb5 Nd8 27. Be3 c6 28.
Qa4 Qb7 29. Rb1 Rd5 30. Ne1 Rb5 31. Nd3 Kg7 32. f4 gxf4 33. Bxf4 c5 34. dxc5
Bxc5+ 35. Nxc5 Rxc5 36. Qd1 Rd5 37. Qh5 Kf8 38. Qxh6+ Ke8 39. Bg5 Qb6+ 40. Kh1
Nc6 41. Qh5 Qb5 42. Qh8+ Kd7 43. Qf8 Qd3 44. Qxf7+ Kc8 45. Rc1 Qb5 46. Qxe6+
Kb7 47. Qf7+ Kb6 48. Be7 Nxe7 49. Qxe7 Rd7 50. Qf6+ Kb7 51. e6 Rc7 52. Qf3+ Kb6
53. Qe3+ Kb7 54. Qe4+ Kb8 55. Re1 Qb6 56. e7 1-0

[Event "7th European Individual Senior Champion."]
[Site "Hockenheim, Germany"]
[Date "2007.06.06"]
[Round "5.32"]
[White "Otto, Klaus"]
[Black "Funk, Paul"]
[Result "1-0"]
[WhiteElo "1522"]
[BlackElo "2197"]
[PlyCount "87"]
[EventDate "2007.??.??"]

1. e4 c5 2. Nf3 d6 3. d4 cxd4 4. Nxd4 Nf6 5. Nc3 Nc6 6. Be2 Bd7 7. Be3 a6 8. h3
Rc8 9. Qd2 e6 10. O-O Qc7 11. Nxc6 Bxc6 12. f3 Be7 13. Bd3 O-O 14. a3 d5 15.
exd5 Nxd5 16. Nxd5 Bxd5 17. Bf4 Qb6+ 18. Kh1 Qxb2 19. Qe2 Bf6 20. Bd6 Rfd8 21.
Rab1 Qc3 22. Bb4 Qc7 23. Bd2 Bc6 24. Be3 Qd6 25. a4 Qe5 26. Qf2 Qh5 27. Bb6 Rd7
28. a5 Bc3 29. Qg3 Bxa5 30. Bxa5 Qxa5 31. Qh4 h6 32. Rb4 Qd8 33. Qg3 Rd4 34.
Rbb1 Qd6 35. Qf2 Rd8 36. Rfe1 Qf4 37. Rb6 a5 38. Ra1 a4 39. Rb2 Rb4 40. Rbb1
Rxb1+ 41. Rxb1 Qd4 42. Qd2 Ra8 43. Bh7+ Kxh7 44. Qxd4 1-0

[Event "7th European Individual Senior Champion."]
[Site "Hockenheim, Germany"]
[Date "2007.06.06"]
[Round "5.33"]
[White "Fedotov, Oleksandr"]
[Black "Onoprienko, Vladimir"]
[Result "0-1"]
[WhiteElo "2100"]
[BlackElo "2342"]
[PlyCount "80"]
[EventDate "2007.??.??"]

1. f4 d5 2. e3 g6 3. Nf3 Bg7 4. Be2 c5 5. d3 Nc6 6. O-O Nf6 7. Ne5 O-O 8. Nd2
Nxe5 9. fxe5 Nd7 10. d4 Qb6 11. c3 f6 12. exf6 Nxf6 13. Bf3 Bf5 14. Kh1 Bd3 15.
Re1 Ne4 16. Bxe4 dxe4 17. Qb3+ Rf7 18. Qxb6 axb6 19. Kg1 Raf8 20. a4 Bh6 21. h3
Bg5 22. g3 cxd4 23. cxd4 e6 24. b3 Rf2 25. Ba3 Rxd2 26. Bxf8 Kxf8 27. Rac1 Be2
28. Rc3 Ke7 29. h4 Bh6 30. b4 Kd6 31. Kf2 Bf3+ 32. Kf1 Rd3 33. Rc2 Bxe3 34. a5
bxa5 35. bxa5 Bxd4 36. a6 bxa6 37. Ra2 e3 38. Rxa6+ Ke5 39. Ra5+ Ke4 40. Ra2 e5
0-1

[Event "7th European Individual Senior Champion."]
[Site "Hockenheim, Germany"]
[Date "2007.06.06"]
[Round "5.34"]
[White "Ivanets, Vladimir"]
[Black "Skara, Milenko"]
[Result "1-0"]
[WhiteElo "2261"]
[BlackElo "2092"]
[PlyCount "67"]
[EventDate "2007.??.??"]

1. b4 e5 2. Bb2 Bxb4 3. Bxe5 Nf6 4. e3 d5 5. Nf3 O-O 6. c4 Nc6 7. Bb2 Re8 8.
cxd5 Nxd5 9. Be2 Qe7 10. O-O Nf6 11. Nc3 Bg4 12. h3 Bh5 13. Nb5 Ne4 14. Nbd4
Nxd4 15. Nxd4 Bxe2 16. Qxe2 Qd7 17. d3 Nf6 18. Qf3 Bf8 19. e4 Rad8 20. Rfd1 c5
21. Nf5 Re6 22. g4 Ne8 23. d4 Qb5 24. d5 Rb6 25. Bc3 g6 26. Ne3 Bg7 27. Bxg7
Nxg7 28. g5 Qe8 29. h4 Nh5 30. Rac1 Qe7 31. Nc4 Rb4 32. Re1 Rxc4 33. Rxc4 Rxd5
34. Qc3 1-0

[Event "7th European Individual Senior Champion."]
[Site "Hockenheim, Germany"]
[Date "2007.06.06"]
[Round "5.35"]
[White "Gabriel, Josef"]
[Black "Hutchinson, Norman A"]
[Result "1/2-1/2"]
[WhiteElo "2202"]
[BlackElo "2087"]
[PlyCount "155"]
[EventDate "2007.??.??"]

1. c4 e6 2. g3 d5 3. Bg2 c6 4. Nf3 Nf6 5. d4 Bb4+ 6. Bd2 Bd6 7. O-O O-O 8. b3
Ne4 9. Nc3 Nxd2 10. Qxd2 dxc4 11. bxc4 Nd7 12. e4 e5 13. Rad1 exd4 14. Nxd4 Bc7
15. Nf5 Qf6 16. f4 Ba5 17. Rc1 Nb6 18. Nd6 Na4 19. e5 Qe6 20. Be4 Nxc3 21. Rxc3
Bxc3 22. Qxc3 f6 23. Bf5 Qe7 24. Bxc8 Raxc8 25. Nxc8 Rxc8 26. exf6 gxf6 27. Re1
Qf7 28. Kf2 Rd8 29. Re4 Kg7 30. Qe3 Rd7 31. Qc5 Kg6 32. f5+ Kg7 33. Rg4+ Kh8
34. Qxa7 Rd8 35. Rd4 Re8 36. Rf4 Qe7 37. Kg2 c5 38. Kh3 Rd8 39. Qb6 Rd2 40. Qa5
Rd4 41. Qa8+ Kg7 42. Qc8 Qf7 43. Kg2 Rxc4 44. Rxc4 Qxc4 45. Qxb7+ Kh6 46. Qb2
Qe4+ 47. Kf2 Qxf5+ 48. Ke3 Qe6+ 49. Kf4 Qc4+ 50. Ke3 Qe6+ 51. Kf2 Qf5+ 52. Ke1
Kg6 53. Qg2 Qb1+ 54. Kf2 Qf5+ 55. Kg1 Qe5 56. Qc2+ Kg7 57. h4 Qd4+ 58. Kf1 c4
59. Ke2 c3 60. Qd3 Qc5 61. Kd1 Qb4 62. Qd7+ Kh6 63. Qf5 Qd6+ 64. Ke2 Qd2+ 65.
Kf3 Kg7 66. Qg4+ Kf7 67. Qc4+ Kf8 68. Qc8+ Kg7 69. Qc7+ Kh6 70. Qc6 Qd3+ 71.
Kf4 Qd4+ 72. Kf5 Qe5+ 73. Kg4 Kg6 74. Kf3 Qf5+ 75. Ke3 Qe5+ 76. Kf3 h5 77. Qc4
Qf5+ 78. Ke3 {rest der partie unleserlich} 1/2-1/2

[Event "7th European Individual Senior Champion."]
[Site "Hockenheim, Germany"]
[Date "2007.06.06"]
[Round "5.36"]
[White "Taksrud, Vidar"]
[Black "Lainburg, Victor"]
[Result "1-0"]
[WhiteElo "2099"]
[BlackElo "2188"]
[PlyCount "115"]
[EventDate "2007.??.??"]

1. d4 d5 2. c4 Nc6 3. Nf3 Bg4 4. cxd5 Bxf3 5. dxc6 Bxc6 6. Nc3 Nf6 7. f3 e5 8.
dxe5 Nd7 9. e4 Nxe5 10. Qxd8+ Rxd8 11. Be3 a6 12. Rd1 Rxd1+ 13. Kxd1 Be7 14.
Be2 O-O 15. Kc2 Rd8 16. Re1 g5 17. g3 b5 18. f4 gxf4 19. gxf4 Nd7 20. a3 Bc5
21. Bc1 Re8 22. Bd3 Bd4 23. e5 Nc5 24. Bf5 Ne6 25. Be4 Bxe4+ 26. Nxe4 Rd8 27.
f5 Nc5 28. Bg5 Rc8 29. Nxc5 Bxc5 30. Bf6 Kf8 31. Bg5 Ke8 32. Re4 Be7 33. f6 Bc5
34. e6 fxe6 35. Rxe6+ Kf7 36. Rxa6 Bb6 37. Bd2 Kxf6 38. Be3 Rb8 39. Kb3 Kf5 40.
Bxb6 cxb6 41. Kb4 Re8 42. Rxb6 Re2 43. Rxb5+ Kg4 44. Kc4 Rxh2 45. a4 Rf2 46.
Rb7 Rf4+ 47. Kb3 h5 48. Rg7+ Kf3 49. Rh7 h4 50. a5 Kg3 51. Rg7+ Kf3 52. a6 Rf6
53. a7 Ra6 54. Kb4 h3 55. Rh7 Kg2 56. Kb5 Ra2 57. b4 h2 58. Kb6 1-0

[Event "7th European Individual Senior Champion."]
[Site "Hockenheim, Germany"]
[Date "2007.06.06"]
[Round "5.37"]
[White "Striebich, Rudolf"]
[Black "Davydov, Mikhail"]
[Result "1-0"]
[WhiteElo "2187"]
[BlackElo "2082"]
[PlyCount "103"]
[EventDate "2007.??.??"]

1. e4 d5 2. exd5 Qxd5 3. Nc3 Qa5 4. d4 Nf6 5. Nf3 Bf5 6. Be2 Nc6 7. O-O O-O-O
8. Bd2 Nxd4 9. Nxd4 Rxd4 10. Qc1 e6 11. Ne4 Qe5 12. Nxf6 Qxe2 13. Bc3 Rd8 14.
Re1 Qc4 15. Nh5 f6 16. Qe3 b6 17. h3 Bg6 18. Nf4 e5 19. Nxg6 hxg6 20. Qf3 Kb8
21. b3 Qe6 22. b4 Qc4 23. a4 Bxb4 24. Bxb4 Qxb4 25. a5 Qc5 26. c4 Rd6 27. axb6
Rxb6 28. Qd3 g5 29. Ra2 a6 30. Rea1 Qc6 31. Qc2 Rd8 32. c5 Rd5 33. cxb6 Qxc2
34. Rxc2 cxb6 35. Kf1 a5 36. Rb2 Ka7 37. Rba2 Rd4 38. Ke2 Ka6 39. g3 Kb5 40.
Rb1+ Rb4 41. Rxb4+ Kxb4 42. Rb2+ Kc5 43. Kd3 a4 44. Kc3 b5 45. Rb1 e4 46. g4 g6
47. Rd1 b4+ 48. Kb2 f5 49. gxf5 gxf5 50. Rg1 Kd4 51. Rxg5 f4 52. Rf5 1-0

[Event "7th European Individual Senior Champion."]
[Site "Hockenheim, Germany"]
[Date "2007.06.06"]
[Round "5.38"]
[White "Ladstetter, Josef"]
[Black "Amrehn, Fred"]
[Result "1/2-1/2"]
[WhiteElo "2066"]
[BlackElo "2185"]
[PlyCount "77"]
[EventDate "2007.??.??"]

1. c4 e6 2. d4 d5 3. Nf3 Nf6 4. Nc3 c6 5. cxd5 exd5 6. Bg5 Be7 7. e3 Nbd7 8.
Bd3 Nf8 9. O-O Ne6 10. Bh4 g6 11. Rb1 Ng7 12. Qc2 Bf5 13. b4 a6 14. a4 Bxd3 15.
Qxd3 Nf5 16. Bxf6 Bxf6 17. e4 dxe4 18. Nxe4 O-O 19. d5 Be7 20. Rfd1 Qxd5 21.
Qxd5 cxd5 22. Rxd5 Rfd8 23. Rd2 Rac8 24. Kf1 Kg7 25. Rxd8 Rxd8 26. Nc5 Bxc5 27.
bxc5 Rd7 28. c6 bxc6 29. Rb6 Rc7 30. Rxa6 c5 31. Ke1 Ne7 32. Kd1 Nc6 33. Kd2
Kf8 34. Kc3 Ke7 35. Kc4 Kd7 36. Ra8 Na7 37. Ne5+ Ke6 38. Nd3 Nc8 39. Nxc5+
1/2-1/2

[Event "7th European Individual Senior Champion."]
[Site "Hockenheim, Germany"]
[Date "2007.06.06"]
[Round "5.39"]
[White "Dotan, Valeria"]
[Black "Feller, Joseph"]
[Result "1-0"]
[WhiteElo "2075"]
[BlackElo "2174"]
[PlyCount "87"]
[EventDate "2007.??.??"]

1. Nf3 d5 2. d4 Nf6 3. c4 dxc4 4. e3 Bg4 5. Bxc4 e6 6. Qb3 Bxf3 7. gxf3 Nbd7 8.
O-O c5 9. Rd1 cxd4 10. Rxd4 Bc5 11. Rd1 Qb6 12. Qa4 Qc7 13. Bb5 Rd8 14. Nc3 a6
15. Bf1 O-O 16. Bd2 Ne5 17. Bg2 Nd3 18. Qc2 Ba7 19. Be1 Nxe1 20. Rxe1 Nd5 21.
Rac1 Nb4 22. Qb3 Nd3 23. Nd5 Qa5 24. Qxd3 Rxd5 25. Qb1 Rfd8 26. f4 R5d7 27. a3
g6 28. Red1 Qa4 29. Bf3 Qb3 30. Rxd7 Rxd7 31. Rc8+ Kg7 32. Qc1 b5 33. Rc3 Qa4
34. Rc7 b4 35. axb4 Bb8 36. Qc3+ f6 37. Rc8 Bd6 38. Qc4 Kf7 39. Rh8 Kg7 40. Qc8
Bxb4 41. Qg8+ Kh6 42. Qxe6 f5 43. Qf6 a5 44. Qh4+ 1-0

[Event "7th European Individual Senior Champion."]
[Site "Hockenheim, Germany"]
[Date "2007.06.06"]
[Round "5.40"]
[White "Ophoff, Rigobert"]
[Black "Jicman, Ligia-Letitia"]
[Result "0-1"]
[WhiteElo "2062"]
[BlackElo "2167"]
[PlyCount "54"]
[EventDate "2007.??.??"]

1. d4 Nf6 2. Nf3 d5 3. e3 g6 4. Bd3 Bg7 5. O-O O-O 6. b3 b6 7. Bb2 Bb7 8. Nbd2
Nbd7 9. c4 c5 10. Rc1 e6 11. Qe2 Ne4 12. Rfd1 Qe7 13. Ne5 Nxe5 14. dxe5 Rad8
15. Bxe4 dxe4 16. Qg4 h5 17. Qf4 Qd7 18. h4 Qd3 19. Nf1 Qe2 20. Rxd8 Rxd8 21.
Qg5 Rd7 22. Bc3 Qxa2 23. Qf4 Qxb3 24. Nd2 Qa3 25. Rc2 Rd3 26. Nb1 Rd1+ 27. Kh2
Rxb1 0-1

[Event "7th European Individual Senior Champion."]
[Site "Hockenheim, Germany"]
[Date "2007.06.06"]
[Round "5.41"]
[White "Eidelmann, Vova"]
[Black "Mesiarik, Rudolf"]
[Result "1-0"]
[WhiteElo "2047"]
[BlackElo "2167"]
[PlyCount "115"]
[EventDate "2007.??.??"]

1. d4 Nf6 2. Nf3 c5 3. e3 e6 4. Bd3 Nc6 5. Nbd2 a6 6. O-O d5 7. b3 b6 8. Bb2
Be7 9. Ne5 Nxe5 10. dxe5 Nd7 11. f4 g6 12. c4 O-O 13. cxd5 exd5 14. f5 Qc7 15.
e6 Ne5 16. fxg6 fxg6 17. Rxf8+ Bxf8 18. Nf3 Nxf3+ 19. Qxf3 Bxe6 20. Qf6 Qe7 21.
Qh8+ Kf7 22. Qxh7+ Ke8 23. Qxg6+ Kd7 24. Rf1 Kc7 25. Rf6 Re8 26. Bxa6 Bg7 27.
Rxe6 Qxe6 28. Qxg7+ Re7 29. Qg3+ Kc6 30. Bf1 b5 31. b4 c4 32. Bd4 Qf5 33. Qf2
Qg6 34. Qf8 Qe8 35. Qf6+ Re6 36. Qf3 Re7 37. a4 Qd7 38. axb5+ Kxb5 39. Bc5 Rf7
40. Qd1 Qf5 41. Qe1 Rf6 42. Be2 Ra6 43. h3 Ra2 44. Bg4 Qh7 45. Qg3 c3 46. Kh2
c2 47. Be2+ Ka4 48. Qe1 Qc7+ 49. Kg1 d4 50. Bc4 Ra3 51. Qc1 d3 52. Bxd3 Rxd3
53. Qxc2+ Rb3 54. b5 Qf7 55. b6 Qd5 56. e4 Qg8 57. b7 Ka5 58. Qa2+ 1-0

[Event "7th European Individual Senior Champion."]
[Site "Hockenheim, Germany"]
[Date "2007.06.06"]
[Round "5.42"]
[White "Minz, Michael"]
[Black "Jahr, Dieter"]
[Result "1-0"]
[WhiteElo "2159"]
[BlackElo "2059"]
[PlyCount "93"]
[EventDate "2007.??.??"]

1. e4 c5 2. Nc3 d6 3. g3 g6 4. Bg2 Bg7 5. d3 Nf6 6. Nf3 Nc6 7. O-O O-O 8. Nh4
e5 9. f4 Bg4 10. Bf3 Bxf3 11. Qxf3 Nd4 12. Qg2 Qd7 13. f5 b5 14. g4 b4 15. Nd1
Rfc8 16. Ne3 g5 17. Nf3 Nxf3+ 18. Qxf3 h6 19. h4 Nh7 20. f6 Bxf6 21. Nf5 Bg7
22. hxg5 hxg5 23. Rf2 f6 24. Rh2 c4 25. dxc4 Rxc4 26. Qb3 d5 27. Qh3 Nf8 28.
exd5 Re8 29. Ne3 Rc7 30. Bd2 Rb8 31. c4 bxc3 32. Bxc3 Qb5 33. Rd1 Qa4 34. d6
Rd7 35. Qf3 Qxa2 36. Nf5 Qe6 37. Qe4 Ng6 38. Kf2 Nh4 39. Nxh4 gxh4 40. Rxh4
Rxd6 41. Rdh1 Kf7 42. Rh7 Rg8 43. R1h6 Rd7 44. Qg6+ Kf8 45. Bb4+ Re7 46. Rxg7
Qb6+ 47. Kg2 1-0